<?xml version="1.0" encoding="UTF-8"?>
<record
    xmlns:xsi="http://www.w3.org/2001/XMLSchema-instance"
    xsi:schemaLocation="http://www.loc.gov/MARC21/slim http://www.loc.gov/standards/marcxml/schema/MARC21slim.xsd"
    xmlns="http://www.loc.gov/MARC21/slim">

  <leader>00864nam a2200205   4500</leader>
  <controlfield tag="001">121018</controlfield>
  <controlfield tag="003">ES-MaACL</controlfield>
  <controlfield tag="005">20230906191654.0</controlfield>
  <controlfield tag="007">t|</controlfield>
  <controlfield tag="008">070214s1923    sp      r    ||||1| spa d</controlfield>
  <datafield tag="100" ind1="1" ind2=" ">
    <subfield code="a">Preiswerk, Gustavo.</subfield>
    <subfield code="9">93747</subfield>
  </datafield>
  <datafield tag="245" ind1="1" ind2="0">
    <subfield code="a">Atlas y tratado de Odontolog&#xED;a y Estomatolog&#xED;a / </subfield>
    <subfield code="c">del Doctor Gustavo Preiswerk... ; traducido directamente de la &#xFA;ltima ed. alemana y anotado por los Doctores D. Bernardino Landete... y D. Francisco Roz&#xE1;bal... ; con un pr&#xF3;logo y un art&#xED;culo sobre el Somnoformo del... Doctor D. Florest&#xE1;n Aguilar.</subfield>
  </datafield>
  <datafield tag="260" ind1=" " ind2=" ">
    <subfield code="a">Madrid : </subfield>
    <subfield code="b">Lib. Acad&#xE9;mica, </subfield>
    <subfield code="c">1923.</subfield>
  </datafield>
  <datafield tag="300" ind1=" " ind2=" ">
    <subfield code="a">VIII, 392 p., 56 l&#xE1;m. ; </subfield>
    <subfield code="c">19 x 13 cm.</subfield>
  </datafield>
  <datafield tag="700" ind1="1" ind2=" ">
    <subfield code="a">Landete Arag&#xF3;, Bernardino.</subfield>
    <subfield code="9">69951</subfield>
  </datafield>
  <datafield tag="700" ind1="1" ind2=" ">
    <subfield code="a">Rozabal, Francisco.</subfield>
    <subfield code="9">211962</subfield>
  </datafield>
  <datafield tag="700" ind1="1" ind2=" ">
    <subfield code="a">Aguilar, Florest&#xE1;n.</subfield>
    <subfield code="9">18691</subfield>
  </datafield>
  <datafield tag="852" ind1=" " ind2=" ">
    <subfield code="a">ES-MaACL</subfield>
    <subfield code="j">B-11712</subfield>
  </datafield>
  <datafield tag="999" ind1=" " ind2=" ">
    <subfield code="c">121018</subfield>
    <subfield code="d">121018</subfield>
  </datafield>
  <datafield tag="952" ind1=" " ind2=" ">
    <subfield code="0">0</subfield>
    <subfield code="1">0</subfield>
    <subfield code="4">0</subfield>
    <subfield code="7">0</subfield>
    <subfield code="a">ATENEOM</subfield>
    <subfield code="b">ATENEOM</subfield>
    <subfield code="c">SPB</subfield>
    <subfield code="d">2008-01-17</subfield>
    <subfield code="e">SC</subfield>
    <subfield code="l">0</subfield>
    <subfield code="o">B-11712</subfield>
    <subfield code="p">1126128</subfield>
    <subfield code="r">2023-02-23 00:00:00</subfield>
    <subfield code="w">2023-02-23</subfield>
    <subfield code="y">MONOGRAFIA</subfield>
  </datafield>
</record>
